1055 1700 1444 1893 1592 1166 1944 1031 1934 1215 1554 1827 1128 1850 1238 1204 1897 1757 1179 1265 1737 1709 1657 1649 1173 1843 1620 1087 1235 1322 1001 1767 1430 1238 1173 1381 1935 1590 1830 1181 1103 1731 1693 1471 1755 1401 1319 1653 1691 1359 1395 1774 1831 1921 1604 1664 1126 1430 1212 1747 1694 1722 1315 1763 1266 1871 1863 1991 1008 1353 1013 1319 1411 1959 1650 1589 1853 1357 1687 1174 1242 1615 1689 1798 1517 1309 1167 1670 1377 1201 1333 1370 1102 1353 1847 1743 1572 1193 1964 BCNSPRNW ULIB Ver.6.0+V

เปลี่ยนเป็นภาษาไทย

Change to English
 แสดงรายละเอียดบรรณานุกรม
  กลับหน้าหลัก

Brief Record : Get Marc (ISO 2709) : E-mail record : QR code < ปิดหน้าต่าง
LEADER : 00000nam 2200000uu 4500
001    13399127488
003     ULIB
008    200617s||||||||th 000 0 tha d
020 ^- ^a9786161828837
050 ^- ^aBF441^bพ22ท
100 1^ aพก, จูฮวัน.
245 10 ^aทุกอย่างในชีวิต เริ่มจากความคิดที่เป็นระเบียบ /^cพก จูฮวัน เขียน ; ภัททิรา จิตต์เกษม แปล.
246 13 ^aThinking organize skill
250 ^- ^aพิมพ์ครั้งที่ 2.
260 ^- ^aกรุงเทพฯ :^bอมรินทร์ฮาวทู,^c2562
300 ^- ^a232 หน้า :^bภาพประกอบ,^c21 ซม.
500 ^- ^aพิมพ์ซ้ำกับฉบับพิมพ์ครั้งแรก 2562.แปลจาก: Saenggak jeongni seukil.
650 ^4 ^aความคิดและการคิด.การวางแผน.เทคนิค.
700 0^ aภัททิรา จิตต์เกษม.
945    ^p235^l0^i28394
999    ^aกัณชพร จุลอักษร
รายการนี้ยังไม่มีแท็ก
คุณยังไม่ได้ล็อกอิน คุณสามารถมีกิจกรรมร่วมกับเว็บไซต์ได้ แต่ต้องล็อกอินก่อน ::
  ล็อกอิน

รายการสื่อสารสนเทศ

ลำดับที่ ประเภท เลขเรียก/บาร์โค้ด สถานที่ สถานะ
1. หนังสือสำรอง
หนังสือสำรอง
BF441 พ22ท ฉ.1 
  Barcode: 28394
ห้องสมุดวิทยาเขตนครสวรรค์
►หนังสือทั่วไป:l:General Books
บนชั้น

รายการใกล้เคียง
    หัวเรื่อง [ความคิดและการคิด.การวางแผน.เทคนิค.]

BibComment


ยังไม่เคยถูกคอมเมนท์

คอมเมนท์ทรัพยากรรายการนี้
  คอมเมนท์: ทุกอย่างในชีวิต ..


 Copyright 2026. Bcnsprnw @Library